السياسة : (Record no. 15806)
[ view plain ]
| 000 -الفاتح | |
|---|---|
| حقل البيانات ثابتة الطول | 01033nam a22002057a 4500 |
| 008 - عناصر البيانات ثابتة الطول - معلومات عامة | |
| حقل البيانات ثابتة الطول | 110810s1976 ua||||| |||| 00| 0 ara d |
| 082 ## - رقم تصنيف ديوى العشرى | |
| رقم الطبعة | 22 |
| رقم التصنيف | 230.01 |
| رقم المادة | م ح م |
| 100 1# - المدخل الرئيسى - إسم شخصى | |
| 9 (RLIN) | 26646 |
| الإسم الشخصى | محمد ، على عبد المعطى |
| 245 ## - بيان العنوان | |
| العنوان | السياسة : |
| بقية العنوان | بين النظرية والتطبيق / |
| بيان المسئوليه,etc | على عبد المعطى محمد ، محمد على محمد ؛ تقديم محمد على ابو ريان |
| 260 ## - PUBLICATION, DISTRIBUTION, ETC. (IMPRINT) | |
| مكان الناشر او الموزع | الاسكندرية : |
| اسم الناشر او الموزع | دار الجامعات المصرية ، |
| تاريخ النشر أو التوزيع | 1976. |
| 300 ## - الوصف المادى | |
| التعداد | 478 ص ؛ |
| أبعاد الوعاء | 24 سم. |
| 504 ## - تبصرة ببليوجرافية | |
| تبصرة ببليوجرافية,الخ | يشتمل على إرجاعات ببليوجرافية 459 - 478 |
| 650 ## - المدخل الاضافى بالموضوع-مصطلح موضوعى | |
| 9 (RLIN) | 20914 |
| مصطلح موضوعي أو اسم جغرافي كعنصر مدخل | السياسة |
| التقسيم الفرعي العام | فلسفة |
| 650 ## - المدخل الاضافى بالموضوع-مصطلح موضوعى | |
| 9 (RLIN) | 26649 |
| مصطلح موضوعي أو اسم جغرافي كعنصر مدخل | السياسة |
| التقسيم الفرعي العام | نظريات |
| 653 ## - مصطلح تكشيفى غير مقيد | |
| Resource For college | |
| Arrived date list | August2011 |
| 700 #0 - المدخل الاضافى - اسم شخصى | |
| 9 (RLIN) | 26647 |
| الإسم الشخصى | محمد ، على محمد |
| 700 #0 - المدخل الاضافى - اسم شخصى | |
| 9 (RLIN) | 26648 |
| الإسم الشخصى | ابو ريان ، محمد على |
| الدور | تقديم |
| 942 ## - عناصر المدخل الإضافي( كوها) | |
| مصدر التصنيف او مخطط الترفيف | Dewey Decimal Classification |
| Koha [default] item type | Book - Borrowing |
| حالة التراجع | حالة الفقد | مصدر التصنيف او خطة الترفيف | حالة تلف | ليس للاعارة | مجموعات كوها | المكان الدائم | المكان الحالي | موقع الترفيف | تاريخ الاكتساب | Source of acquisition | رقم الاستدعاء | الباركود | Date last seen | نوع الوعاء |
|---|---|---|---|---|---|---|---|---|---|---|---|---|---|---|
| Dewey Decimal Classification | Alef-Baa | Central Library | Central Library | Lower Floor | 10/08/2011 | 230.01 م ح م | 000023958 | 15/07/2025 | Book - Borrowing |